000 00501nam a22001697a 4500
003 NUST - PNEC
005 20170116180842.0
008 150822b xxu||||| |||| 00| 0 eng d
020 _a8121929784
040 _cLIBRARY
082 _a541.3 BAH
100 _95404
_aBahl, B. S
245 _aEssentials of physical chemistry (a textbook for B. Sc classes as per UGC model syllabus).
_cB.S. Bahl
260 _cc.2011
650 _95409
_aChemistry, Physical and theoretical
_xME / EE
942 _2ddc
_cBK
999 _c64427
_d64427